Good news to change lives: (Record no. 13173)

000 -LEADER
fixed length control field 00625nam a2200193 a 4500
001 - CONTROL NUMBER
control field :::00010991$&:&@@
003 - CONTROL NUMBER IDENTIFIER
control field OkBaRHE
005 - DATE AND TIME OF LATEST TRANSACTION
control field 20000607103404.0
008 - FIXED-LENGTH DATA ELEMENTS--GENERAL INFORMATION
fixed length control field s1976 j 000 0 eng u
040 ## - CATALOGING SOURCE
Transcribing agency
100 1# - MAIN ENTRY--PERSONAL NAME
Personal name Dobbins, Gaines S.
245 10 - TITLE STATEMENT
Title Good news to change lives:
Remainder of title evangelism for an age of uncertainty.
260 ## - PUBLICATION, DISTRIBUTION, ETC. (IMPRINT)
Place of publication, distribution, etc Nashville, TN., :
Name of publisher, distributor, etc Broadman Press
Date of publication, distribution, etc c1976
300 ## - PHYSICAL DESCRIPTION
Extent 137 p. ;
Dimensions 19 cm.
650 ## - SUBJECT ADDED ENTRY--TOPICAL TERM
Topical term or geographic name as entry element Evangelistic Work
650 ## - SUBJECT ADDED ENTRY--TOPICAL TERM
Topical term or geographic name as entry element Witness Bearing (Christianity)
942 ## - ADDED ENTRY ELEMENTS (KOHA)
Source of classification or shelving scheme
Koha item type Books
Copies
Date acquired Koha item type Withdrawn status Barcode Date last seen Not for loan Copy number Shelving location Full call number Lost status Permanent Location Damaged status Price effective from Source of classification or shelving scheme
2010-04-14Books 109912010-04-14 1General StacksBV 4520 .D596 RHEMA Bible Training College 2010-04-14